Countries containing 'DO' Quiz Stats

Quiz not verified by Sporcle

Challenge
Share
Tweet
Embed
Score 0/10 Timer 03:00
0 Plays Today
% Correct
Dominican Republic
90.5%
Dominica
90.2%
Andorra
71.7%
Ecuador
63.4%
Indonesia
55.7%
Moldova
51.8%
Barbados
51.5%
United Kingdom
50%
El Salvador
47.6%
Macedonia
45.5%

You're not logged in!

Compare scores with friends on all Sporcle quizzes.
Join for Free
OR
Log In

You Might Also Like...

Show Comments

Extras

Top Quizzes Today


Score Distribution

Your Account Isn't Verified!

In order to create a playlist on Sporcle, you need to verify the email address you used during registration. Go to your Sporcle Settings to finish the process.

Report this User

Report this user for behavior that violates our Community Guidelines.

Details: